[Event "36. Copenhagen Open (Politiken Cup)"]
[Site "Elsinore"]
[Date "2014.07.29"]
[Round "10"]
[White "Sorensen, Dick"]
[Black "Stojanovski, Sandi"]
[Result "1/2-1/2"]
[WhiteElo "1977"]
[BlackElo "2230"]
[PlyCount "92"]
[EventDate "2014.07.21"]
[EventType "swiss"]
[EventRounds "10"]
[EventCountry "DEN"]
[Source "ChessBase"]
[SourceDate "2014.08.29"]

1. c4 c5 2. Nc3 b6 3. Nf3 Nf6 4. d4 cxd4 5. Nxd4 d6 6. Bg5 Bb7 7. Bxf6 gxf6 8.
e4 e6 9. Bd3 a6 10. O-O Nd7 11. Rc1 Rc8 12. b3 h5 13. Be2 h4 14. Bg4 Rc5 15.
Bxe6 fxe6 16. Nxe6 Qe7 17. Nxc5 bxc5 18. Nd5 Qf7 19. f4 Be7 20. Qg4 Bxd5 21.
cxd5 f5 22. exf5 h3 23. Qg6 Rg8 24. Qxf7+ Kxf7 25. g3 Nf6 26. Rfd1 Bd8 27. Rc4
Re8 28. Rd2 Ng4 29. Rc1 Bf6 30. Kf1 Bd4 31. Re2 Ne3+ 32. Ke1 Nxd5 33. Rxe8 Kxe8
34. Ke2 Nc3+ 35. Kf3 Nxa2 36. Re1+ Kf7 37. Re6 Nc1 38. Rxd6 Nxb3 39. Rxa6 c4
40. Rc6 Bc5 41. Ke4 Nd2+ 42. Kd5 Bg1 43. g4 Bxh2 44. Rh6 Bxf4 45. Rxh3 Kf6 46.
Rc3 Kg5 1/2-1/2

[Event "36. Copenhagen Open (Politiken Cup)"]
[Site "Elsinore"]
[Date "2014.07.29"]
[Round "10"]
[White "Starup, Leo"]
[Black "Hansen, Anders1"]
[Result "0-1"]
[WhiteElo "1594"]
[BlackElo "1735"]
[PlyCount "52"]
[EventDate "2014.07.21"]
[EventType "swiss"]
[EventRounds "10"]
[EventCountry "DEN"]
[Source "ChessBase"]
[SourceDate "2014.08.29"]

1. d4 Nf6 2. c4 e6 3. Nc3 Bb4 4. a3 Bxc3+ 5. bxc3 b6 6. Bg5 O-O 7. e3 d5 8.
cxd5 exd5 9. h3 Bb7 10. Nf3 h6 11. Bf4 Nbd7 12. Be2 Ne4 13. Qc2 c5 14. O-O Ndf6
15. Ne5 cxd4 16. exd4 Rc8 17. c4 dxc4 18. Bxc4 Nd6 19. Qe2 Nxc4 20. Nxc4 Ba6
21. Rac1 Qxd4 22. Be3 Bxc4 23. Qf3 Qd5 24. Qxd5 Nxd5 25. Rfe1 Nxe3 26. Rxe3 Be6
0-1

[Event "36. Copenhagen Open (Politiken Cup)"]
[Site "Elsinore"]
[Date "2014.07.29"]
[Round "10"]
[White "Strachan, Christian C"]
[Black "Rendlev, Niels Moller"]
[Result "1-0"]
[WhiteElo "1918"]
[BlackElo "1790"]
[PlyCount "95"]
[EventDate "2014.07.21"]
[EventType "swiss"]
[EventRounds "10"]
[EventCountry "DEN"]
[Source "ChessBase"]
[SourceDate "2014.08.29"]

1. e4 e6 2. d4 d5 3. Nd2 c5 4. exd5 Qxd5 5. dxc5 Bxc5 6. Ngf3 Nc6 7. Be2 Nf6 8.
O-O Ng4 9. c4 Qf5 10. Nb3 Bb6 11. Bd3 Qf6 12. Qe2 Nce5 13. Be4 h5 14. c5 Bc7
15. h3 Nxf3+ 16. gxf3 Nh2 17. Rd1 Qh4 18. f4 Qxh3 19. Bg2 Qh4 20. f3 O-O 21.
Rd4 f5 22. Be3 g5 23. Bf2 Nxf3+ 24. Qxf3 Qg4 25. Qxg4 hxg4 26. fxg5 f4 27. Be4
g3 28. Be1 e5 29. Bd5+ Kg7 30. Rd3 Bf5 31. Rf3 Rae8 32. Bc3 Kg6 33. Nd2 Rd8 34.
Be4 Kxg5 35. Bxf5 Rxf5 36. Ne4+ Kg4 37. Raf1 Rh8 38. Nxg3 Rg5 39. Ne4 Rgh5 40.
Nf6+ Kf5 41. Nxh5 Rxh5 42. Rd3 Rh7 43. Rfd1 Ke4 44. Rd7 Rh6 45. Rxc7 Kf3 46.
Bxe5 Rg6+ 47. Kf1 Rh6 48. Rg7 1-0

[Event "36. Copenhagen Open (Politiken Cup)"]
[Site "Elsinore"]
[Date "2014.07.29"]
[Round "10"]
[White "Stray, Gunnar"]
[Black "Hoyer, Jacob K"]
[Result "1/2-1/2"]
[WhiteElo "2053"]
[BlackElo "2200"]
[PlyCount "130"]
[EventDate "2014.07.21"]
[EventType "swiss"]
[EventRounds "10"]
[EventCountry "DEN"]
[Source "ChessBase"]
[SourceDate "2014.08.29"]

1. d4 Nf6 2. Nf3 g6 3. g3 Bg7 4. Bg2 O-O 5. O-O d5 6. Nbd2 Nbd7 7. c3 Re8 8. e4
dxe4 9. Ng5 c5 10. Qb3 e6 11. Ngxe4 cxd4 12. cxd4 Nxe4 13. Nxe4 Bxd4 14. Be3
Nb6 15. Rfd1 e5 16. Bg5 Be6 17. Qf3 Qb8 18. Nf6+ Kf8 19. Nxe8 Kxe8 20. Qf6 Qd6
21. Rac1 Rb8 22. Bf1 a6 23. Rxd4 exd4 24. Bf4 Qd8 25. Qh8+ Kd7 26. Qxd4+ Ke8
27. Qxd8+ Rxd8 28. Bc7 Rc8 29. Bf4 Rxc1 30. Bxc1 Bxa2 31. Be3 Nd5 32. Bd4 Kd7
33. Bg2 Kc6 34. Kf1 Kb5 35. Bxd5 Bxd5 36. Ke2 Kc4 37. Bf6 a5 38. h4 Kb3 39. Kd2
Be4 40. Kc1 b5 41. Be5 f5 42. Bg7 Kc4 43. Kd2 Bf3 44. Bf6 Bc6 45. Bg7 b4 46.
Bf6 a4 47. Bg7 Kd5 48. Ke3 Be8 49. f4 Bb5 50. Bf6 Bf1 51. Bg7 Bg2 52. Bf6 Be4
53. Bg7 Kc4 54. Kd2 Kb3 55. Kc1 a3 56. bxa3 Kxa3 57. Bf6 Kb3 58. Bg7 Kc4 59.
Kd2 Kd5 60. Ke3 b3 61. Bf6 Bc2 62. Bg7 Ke6 63. Bb2 Kd5 64. Bg7 h6 65. Bb2 Bb1
1/2-1/2

[Event "36. Copenhagen Open (Politiken Cup)"]
[Site "Elsinore"]
[Date "2014.07.29"]
[Round "10"]
[White "Subramanian, Aditya"]
[Black "Poulsen, Iver"]
[Result "1/2-1/2"]
[WhiteElo "1938"]
[BlackElo "2092"]
[PlyCount "102"]
[EventDate "2014.07.21"]
[EventType "swiss"]
[EventRounds "10"]
[EventCountry "DEN"]
[Source "ChessBase"]
[SourceDate "2014.08.29"]

1. d4 e6 2. c4 d5 3. Nc3 c6 4. Nf3 dxc4 5. e3 b5 6. a4 Bb4 7. Bd2 a5 8. axb5
Bxc3 9. Bxc3 cxb5 10. b3 Bb7 11. bxc4 b4 12. Bb2 Nf6 13. Bd3 Nbd7 14. O-O O-O
15. Re1 Qc7 16. Nd2 a4 17. Bc2 a3 18. Bc1 Nb6 19. Bb3 e5 20. c5 Nbd5 21. Nc4
Nc3 22. Qc2 exd4 23. exd4 Be4 24. Qd2 Bd5 25. f3 Rfe8 26. Bxa3 Rxe1+ 27. Qxe1
Re8 28. Qd2 Re2 29. Qd3 Ng4 30. Nd6 Re3 31. Bxd5 Rxd3 32. Bxb4 Rd1+ 33. Rxd1
Nxd5 34. Ra1 Qb8 35. fxg4 Nxb4 36. Re1 Kf8 37. Re8+ Qxe8 38. Nxe8 Kxe8 39. Kf2
Ke7 40. Ke3 Ke6 41. Ke4 h6 42. h4 Nd5 43. g3 Ne7 44. g5 h5 45. Kf4 Kd5 46. g4
g6 47. gxh5 gxh5 48. g6 fxg6 49. Kg5 Nf5 50. Kxg6 Nxh4+ 51. Kxh5 Nf3 1/2-1/2

[Event "36. Copenhagen Open (Politiken Cup)"]
[Site "Elsinore"]
[Date "2014.07.29"]
[Round "10"]
[White "Suntharalingam, Jarani"]
[Black "Neu, Alexandre"]
[Result "1/2-1/2"]
[WhiteElo "1646"]
[BlackElo "1760"]
[PlyCount "58"]
[EventDate "2014.07.21"]
[EventType "swiss"]
[EventRounds "10"]
[EventCountry "DEN"]
[Source "ChessBase"]
[SourceDate "2014.08.29"]

1. e4 c5 2. Nf3 d6 3. d4 cxd4 4. Nxd4 Nf6 5. Nc3 a6 6. a3 e5 7. Nf3 Be7 8. h3
O-O 9. Be2 h6 10. O-O Be6 11. Be3 Nbd7 12. Nh4 Nxe4 13. Nxe4 d5 14. Nf5 Bxf5
15. Qxd5 Qc7 16. Ng3 Be6 17. Qd2 f5 18. f4 e4 19. Rfd1 Nf6 20. c4 Rad8 21. Qe1
Rxd1 22. Rxd1 Rd8 23. Rxd8+ Qxd8 24. Qc3 Qc7 25. Kh1 Bd6 26. Qc1 Kf7 27. Bf1 a5
28. Be2 b6 29. Nf1 Bc5 1/2-1/2

[Event "36. Copenhagen Open (Politiken Cup)"]
[Site "Elsinore"]
[Date "2014.07.29"]
[Round "10"]
[White "Svane, Frederik"]
[Black "Thomsen, Kurt"]
[Result "1-0"]
[WhiteElo "1824"]
[BlackElo "1940"]
[PlyCount "69"]
[EventDate "2014.07.21"]
[EventType "swiss"]
[EventRounds "10"]
[EventCountry "DEN"]
[Source "ChessBase"]
[SourceDate "2014.08.29"]

1. e4 e6 2. d4 d5 3. Nd2 Nc6 4. Ngf3 Nf6 5. e5 Nd7 6. Bb5 Be7 7. O-O O-O 8. c3
f6 9. Qe2 fxe5 10. dxe5 a6 11. Bd3 b5 12. Nb3 Rf7 13. Nbd4 Nxd4 14. Nxd4 Nf8
15. Nc6 Qe8 16. Nxe7+ Qxe7 17. Be3 c5 18. a4 c4 19. Bc2 b4 20. cxb4 Qxb4 21.
Bd4 Bb7 22. Ra3 g6 23. Rh3 Bc6 24. Rd1 Bxa4 25. Bc3 Qb5 26. Rd4 Bxc2 27. Qxc2
a5 28. Bd2 Rb8 29. Bc1 Qd7 30. Rg4 a4 31. Bg5 Rf5 32. Be3 a3 33. bxa3 Qa4 34.
Qc1 c3 35. Rxa4 1-0

[Event "36. Copenhagen Open (Politiken Cup)"]
[Site "Elsinore"]
[Date "2014.07.29"]
[Round "10"]
[White "Svedberg, Hans"]
[Black "Westerlund, Ola"]
[Result "1-0"]
[WhiteElo "1997"]
[BlackElo "1817"]
[PlyCount "61"]
[EventDate "2014.07.21"]
[EventType "swiss"]
[EventRounds "10"]
[EventCountry "DEN"]
[Source "ChessBase"]
[SourceDate "2014.08.29"]

1. e4 d6 2. d4 Nf6 3. Nc3 g6 4. f4 Bg7 5. Nf3 O-O 6. Bd3 Na6 7. O-O c5 8. d5
Bg4 9. h3 Bxf3 10. Rxf3 Rb8 11. a4 Nc7 12. Be3 e6 13. dxe6 fxe6 14. Bc4 d5 15.
exd5 exd5 16. Ba2 b6 17. Bf2 Kh8 18. Bh4 d4 19. Ne4 Ncd5 20. c3 Ne3 21. Qd3 Nf5
22. Bxf6 Bxf6 23. Nxf6 Qxf6 24. g4 Ne3 25. cxd4 cxd4 26. Re1 Rfd8 27. f5 Qc6
28. Rf2 gxf5 29. Bb1 Qc7 30. Rf3 Qc4 31. Rfxe3 1-0

[Event "36. Copenhagen Open (Politiken Cup)"]
[Site "Elsinore"]
[Date "2014.07.29"]
[Round "10"]
[White "Thorsbro, Peter"]
[Black "Roser, Kevin"]
[Result "0-1"]
[WhiteElo "2216"]
[BlackElo "2406"]
[PlyCount "104"]
[EventDate "2014.07.21"]
[EventType "swiss"]
[EventRounds "10"]
[EventCountry "DEN"]
[Source "ChessBase"]
[SourceDate "2014.08.29"]

1. d4 Nf6 2. c4 e6 3. Nc3 Bb4 4. e3 O-O 5. Nge2 d5 6. a3 Be7 7. cxd5 exd5 8.
Nf4 c6 9. Bd3 a5 10. O-O Na6 11. f3 Nc7 12. Bc2 Ne6 13. e4 dxe4 14. Nxe6 Bxe6
15. fxe4 Qb6 16. Kh1 Bc4 17. Rf4 Rad8 18. e5 Nd5 19. Bxh7+ Kxh7 20. Qh5+ Kg8
21. Rf3 Nxc3 22. bxc3 Be2 23. Bh6 g6 24. Qg4 Bxf3 25. Qxf3 Qb3 26. Bxf8 Bxf8
27. h4 Qe6 28. Rf1 a4 29. Qe4 Bg7 30. h5 gxh5 31. Qh4 Rd7 32. Rf3 Kf8 33. Rg3
c5 34. Qg5 Bh6 35. Qg8+ Ke7 36. Qc8 Qc6 37. Qa8 Rd8 38. Qa5 cxd4 39. Qb4+ Kd7
40. Rf3 Kc8 41. cxd4 Qc1+ 42. Kh2 Bf4+ 43. g3 Qd2+ 44. Qxd2 Bxd2 45. Rd3 Bh6
46. Kg2 Kd7 47. Kf3 Ke6 48. Ke4 f5+ 49. exf6 Kxf6 50. d5 Bf8 51. Rf3+ Kg6 52.
Rc3 Bd6 0-1

[Event "36. Copenhagen Open (Politiken Cup)"]
[Site "Elsinore"]
[Date "2014.07.29"]
[Round "10"]
[White "Timman, Jan H"]
[Black "Tari, Aryan"]
[Result "1/2-1/2"]
[WhiteElo "2610"]
[BlackElo "2412"]
[PlyCount "79"]
[EventDate "2014.07.21"]
[EventType "swiss"]
[EventRounds "10"]
[EventCountry "DEN"]
[Source "ChessBase"]
[SourceDate "2014.08.29"]

1. c4 e5 2. g3 c6 3. Nf3 e4 4. Nd4 Nf6 5. Nc3 d5 6. cxd5 cxd5 7. d3 Bc5 8. Nb3
Bb4 9. dxe4 Nxe4 10. Qd4 Bxc3+ 11. bxc3 O-O 12. Bg2 Nc6 13. Qe3 Qf6 14. O-O Re8
15. f3 Nd6 16. Qc5 Qe6 17. Rd1 Qxe2 18. Bf4 Nc4 19. Rxd5 N4e5 20. Bxe5 Rxe5 21.
Rxe5 Nxe5 22. Qf2 Qxf2+ 23. Kxf2 Bd7 24. f4 Ng4+ 25. Kg1 Rc8 26. Bxb7 Rxc3 27.
Rd1 Nf6 28. g4 Rc7 29. Bf3 Kf8 30. g5 Ne8 31. Nd4 h6 32. gxh6 gxh6 33. Rd3 Nd6
34. Bd5 Nf5 35. Bb3 Nxd4 36. Rxd4 Ke7 37. Kf2 Be6 38. Ra4 Bxb3 39. axb3 Rc2+
40. Kg3 1/2-1/2

[Event "36. Copenhagen Open (Politiken Cup)"]
[Site "Elsinore"]
[Date "2014.07.29"]
[Round "10"]
[White "Tolba, Henri"]
[Black "Ulberth, Nicolas"]
[Result "1/2-1/2"]
[WhiteElo "1675"]
[BlackElo "1809"]
[PlyCount "21"]
[EventDate "2014.07.21"]
[EventType "swiss"]
[EventRounds "10"]
[EventCountry "DEN"]
[Source "ChessBase"]
[SourceDate "2014.08.29"]

1. Nf3 Nc6 2. c4 Nf6 3. Nc3 d6 4. d4 Bf5 5. d5 Nb8 6. Nd4 Bc8 7. e4 c5 8. Nf5
g6 9. Ng3 Bg7 10. Be2 O-O 11. h4 1/2-1/2

[Event "36. Copenhagen Open (Politiken Cup)"]
[Site "Elsinore"]
[Date "2014.07.29"]
[Round "10"]
[White "Tretvold, Martin"]
[Black "Johannesen, Lars Peter Meldgaar"]
[Result "1-0"]
[WhiteElo "1857"]
[BlackElo "1711"]
[PlyCount "77"]
[EventDate "2014.07.21"]
[EventType "swiss"]
[EventRounds "10"]
[EventCountry "DEN"]
[Source "ChessBase"]
[SourceDate "2014.08.29"]

1. c4 Nf6 2. g3 e6 3. Bg2 d5 4. Nf3 b6 5. O-O Nbd7 6. d4 Bd6 7. Nc3 a6 8. Ne5
Bb7 9. Bf4 O-O 10. Qa4 Bxe5 11. dxe5 Nc5 12. Qc2 Ne8 13. cxd5 exd5 14. Rfd1 c6
15. e4 d4 16. Na4 Nxa4 17. Qxa4 c5 18. b3 Nc7 19. Rac1 Ne6 20. Bd2 Qe7 21. f4
Rfd8 22. Rf1 Rac8 23. f5 Nf8 24. f6 Qe6 25. fxg7 Kxg7 26. Rf5 b5 27. Qa3 c4 28.
Bg5 b4 29. Qb2 c3 30. Qe2 Ng6 31. Qh5 Nxe5 32. Rxe5 Qb6 33. Rf1 Qg6 34. Qh4 Rd6
35. Re7 Ba8 36. Rfxf7+ Qxf7 37. Rxf7+ Kxf7 38. Qxh7+ Ke8 39. Qe7# 1-0

[Event "36. Copenhagen Open (Politiken Cup)"]
[Site "Elsinore"]
[Date "2014.07.29"]
[Round "10"]
[White "Tryggestad, Andreas Garberg"]
[Black "Rimer, Jan"]
[Result "1-0"]
[WhiteElo "1912"]
[BlackElo "2039"]
[PlyCount "81"]
[EventDate "2014.07.21"]
[EventType "swiss"]
[EventRounds "10"]
[EventCountry "DEN"]
[Source "ChessBase"]
[SourceDate "2014.08.29"]

1. e4 c5 2. Nf3 g6 3. c3 Nc6 4. d4 cxd4 5. cxd4 d5 6. e5 Bg4 7. Bb5 Qb6 8. Nc3
e6 9. Be3 Nge7 10. h3 Bxf3 11. Qxf3 Bg7 12. O-O O-O 13. Rad1 a6 14. Bxc6 Nxc6
15. Bg5 Nxd4 16. Qe3 Qc7 17. Qxd4 Bxe5 18. Qh4 f6 19. Be3 Qf7 20. Bc5 Rfc8 21.
Bd4 Rc4 22. Ne2 Rac8 23. Qh6 Bd6 24. Rc1 g5 25. Rxc4 Rxc4 26. Bxf6 g4 27. Bc3
gxh3 28. Qg5+ Qg6 29. Qxg6+ hxg6 30. gxh3 e5 31. b3 Rh4 32. Kg2 g5 33. Ng3 Rf4
34. f3 Rf7 35. Rd1 d4 36. Bb2 Bb4 37. Ne4 Rc7 38. Rc1 Rc6 39. Rxc6 bxc6 40. Kf2
Be7 41. Bc1 1-0

[Event "36. Copenhagen Open (Politiken Cup)"]
[Site "Elsinore"]
[Date "2014.07.29"]
[Round "10"]
[White "Yilmaz, Kazim"]
[Black "Hansen, Ole Foss"]
[Result "0-1"]
[WhiteElo "1637"]
[BlackElo "1766"]
[PlyCount "122"]
[EventDate "2014.07.21"]
[EventType "swiss"]
[EventRounds "10"]
[EventCountry "DEN"]
[Source "ChessBase"]
[SourceDate "2014.08.29"]

1. Nf3 d5 2. c4 d4 3. d3 c5 4. g3 Nc6 5. Bg2 e5 6. O-O Bd6 7. e3 Bg4 8. exd4
exd4 9. Qa4 Nge7 10. Nbd2 O-O 11. a3 Rb8 12. Ne4 Ng6 13. Nxd6 Qxd6 14. Re1 Rfe8
15. Bd2 Bf5 16. Qc2 a5 17. a4 Qd7 18. Rxe8+ Rxe8 19. Re1 b6 20. b3 Nge5 21.
Nxe5 Nxe5 22. Be4 Bg4 23. f4 Ng6 24. Kf2 Ne7 25. Bg2 Kf8 26. Qc1 Qf5 27. Be4
Qh5 28. h4 Rd8 29. Bg2 Qg6 30. Be4 Qf6 31. Kg2 Ng8 32. Qc2 Nh6 33. Bc1 Qe6 34.
Qf2 Bh3+ 35. Kg1 Ng4 36. Qe2 Re8 37. Bf3 Ne3 38. Bxe3 dxe3 39. Be4 Qd7 40. Qf3
Bg4 41. Qg2 Qd4 42. Bf3 Bf5 43. Be4 Bxe4 44. dxe4 Rxe4 45. Re2 f5 46. Kh2 Qd3
47. g4 fxg4 48. Qxg4 Re8 49. Qh5 h6 50. f5 Re7 51. f6 Qd6+ 52. Kg2 Qxf6 53. Qf3
Kf7 54. Qd5+ Kg6 55. h5+ Kh7 56. Qd3+ g6 57. Qxg6+ Qxg6+ 58. hxg6+ Kxg6 59. Kf3
Kf5 60. Rxe3 Rxe3+ 61. Kxe3 Ke5 0-1

[Event "36. Copenhagen Open (Politiken Cup)"]
[Site "Elsinore"]
[Date "2014.07.29"]
[Round "10"]
[White "Zude, Erik"]
[Black "Veng, Johny"]
[Result "0-1"]
[WhiteElo "2381"]
[BlackElo "2244"]
[PlyCount "94"]
[EventDate "2014.07.21"]
[EventType "swiss"]
[EventRounds "10"]
[EventCountry "DEN"]
[Source "ChessBase"]
[SourceDate "2014.08.29"]

1. d4 Nf6 2. c4 c5 3. d5 b5 4. cxb5 a6 5. bxa6 Bxa6 6. Nc3 g6 7. Nf3 d6 8. g3
Bg7 9. Bg2 Nfd7 10. Qc2 Nb6 11. Nd2 N8d7 12. O-O O-O 13. Re1 Bb7 14. Nf1 Nc4
15. Ne3 Ndb6 16. b3 Na3 17. Qd2 Ra7 18. Bb2 Qa8 19. Red1 Rb8 20. Bf3 Bc8 21.
Rac1 Bd7 22. Ra1 Bd4 23. Bxa3 Rxa3 24. Nc2 Bxc3 25. Qxc3 Ra7 26. h4 h5 27. Kg2
Be8 28. e4 Nd7 29. a4 Qb7 30. Rdb1 Ne5 31. Be2 Bd7 32. Qe3 e6 33. b4 cxb4 34.
Nxb4 Rxa4 35. Nc2 Qxb1 36. Rxb1 Rxb1 37. Qg5 Rb2 38. Bd1 exd5 39. Ne3 Raa2 40.
Qd8+ Kg7 41. Qc7 Rxf2+ 42. Kg1 d4 43. Qxd6 dxe3 44. Qxe5+ Kg8 45. Bxh5 Bb5 46.
Qb8+ Kh7 47. Bxg6+ fxg6 0-1